000 00587nam a2200181 4500
001 139295
003 ES-MaACL
005 20230906195743.0
007 t|
008 070214s1970 sp r ||||1| spa d
100 1 _aScott, Geoffrey.
_9104946
245 1 3 _aLa Arquitectura del Humanismo
_b: un estudio sobre la historia del gusto /
_cGeoffrey Scott; [traducción de José Luis Cano Tembleque].
250 _a1ª ed.
260 _aBarcelona :
_bBarral,
_c1970.
300 _a209 p. ;
_c20 cm.
700 1 _aCano Tembleque, José Luis.
_934573
852 _aES-MaACL
_jC-39853
_bR.75594
999 _c139295
_d139295